Countries with the Most Cities as a Percent of Continent - Statistics

General Stats
  • This quiz has been taken 3,785 times
  • The average score is 18 of 21
Answer Stats
% Country % Correct
63.0 United States
99%
33.4 China
98%
83.3 Australia
96%
38.5 Brazil
96%
18.8 India
96%
17.8 Mexico
96%
13.1 United Kingdom
96%
7.9 France
95%
17.1 Russia
95%
13.1 Germany
94%
9.5 Canada
93%
9.6 Argentina
91%
16.6 New Zealand
87%
6.6 Spain
87%
21.8 Nigeria
86%
17.3 Colombia
85%
7.2 South Africa
84%
9.0 DR Congo
73%
15.4 Venezuela
62%
6.6 Ukraine
53%
10.9 Morocco
37%
No matching quizzes found
Score Distribution
Percent of People with Each Score
Percentile by Number Answered
Your Score History
You have not taken this quiz